<?xml version="1.0" encoding="UTF-8"?>
<record
    xmlns:xsi="http://www.w3.org/2001/XMLSchema-instance"
    xsi:schemaLocation="http://www.loc.gov/MARC21/slim http://www.loc.gov/standards/marcxml/schema/MARC21slim.xsd"
    xmlns="http://www.loc.gov/MARC21/slim">

  <leader>00615nam a22001817a 4500</leader>
  <controlfield tag="005">20180626131240.0</controlfield>
  <controlfield tag="008">180626b        xxu||||| |||| 00| 0 eng d</controlfield>
  <datafield tag="010" ind1=" " ind2=" ">
    <subfield code="a">A-722152</subfield>
  </datafield>
  <datafield tag="020" ind1=" " ind2=" ">
    <subfield code="a">8170184622</subfield>
    <subfield code="c">0.00</subfield>
  </datafield>
  <datafield tag="035" ind1=" " ind2=" ">
    <subfield code="a">A-722152</subfield>
  </datafield>
  <datafield tag="082" ind1=" " ind2=" ">
    <subfield code="a">787.82</subfield>
  </datafield>
  <datafield tag="100" ind1=" " ind2=" ">
    <subfield code="a">Bandyyopadhyaya,S.</subfield>
  </datafield>
  <datafield tag="245" ind1=" " ind2=" ">
    <subfield code="a">Techniques of Sitar:</subfield>
    <subfield code="c">by S. Bandyopadhyaya</subfield>
    <subfield code="b">the prince among all musical instruments of India/</subfield>
  </datafield>
  <datafield tag="260" ind1=" " ind2=" ">
    <subfield code="a">Delhi</subfield>
    <subfield code="b">B.R. Publishing coorporation</subfield>
    <subfield code="c">1988</subfield>
  </datafield>
  <datafield tag="270" ind1=" " ind2=" ">
    <subfield code="a">29/9, Shakti Nagar, Nangia Park</subfield>
    <subfield code="b">New Delhi </subfield>
    <subfield code="e">110007</subfield>
  </datafield>
  <datafield tag="300" ind1=" " ind2=" ">
    <subfield code="a">418p;</subfield>
    <subfield code="b">ill.</subfield>
    <subfield code="c">25 cm (HB)</subfield>
  </datafield>
  <datafield tag="942" ind1=" " ind2=" ">
    <subfield code="2">ddc</subfield>
    <subfield code="c">EN</subfield>
    <subfield code="m">BAM</subfield>
    <subfield code="h">787.82</subfield>
  </datafield>
  <datafield tag="999" ind1=" " ind2=" ">
    <subfield code="c">153103</subfield>
    <subfield code="d">153103</subfield>
  </datafield>
  <datafield tag="952" ind1=" " ind2=" ">
    <subfield code="0">0</subfield>
    <subfield code="1">0</subfield>
    <subfield code="2">ddc</subfield>
    <subfield code="4">0</subfield>
    <subfield code="7">0</subfield>
    <subfield code="8">NFIC</subfield>
    <subfield code="a">BL4</subfield>
    <subfield code="b">BL4</subfield>
    <subfield code="d">2018-06-26</subfield>
    <subfield code="e">BPPD/PUB</subfield>
    <subfield code="g">0.00</subfield>
    <subfield code="l">0</subfield>
    <subfield code="o">787.82 BAM</subfield>
    <subfield code="p">A-722152</subfield>
    <subfield code="r">2018-06-26 00:00:00</subfield>
    <subfield code="v">0.00</subfield>
    <subfield code="w">2018-06-26</subfield>
    <subfield code="y">EN</subfield>
  </datafield>
</record>
